1341 1713 1919 1933 1403 1287 1956 1178 1376 1346 1999 1757 1841 1529 1127 1953 1225 1843 1047 1075 1306 1355 1481 1594 1116 1577 1465 1886 1712 1402 1553 1307 1018 1922 1926 1517 1359 1493 1406 1697 1025 1637 1609 1796 1937 1159 1552 1266 1617 1637 1185 1774 1026 1384 1353 1954 1354 1870 1112 1283 1863 1538 1910 1985 1993 1069 1776 1721 1110 1233 1185 1842 1778 1503 1376 1939 1228 1653 1280 1665 1258 1450 1578 1835 1276 1150 1255 1001 1705 1923 1290 1319 1337 1657 1609 1892 1056 1902 1512 BCNSPRNW ULIB Ver.6.0+V

เปลี่ยนเป็นภาษาไทย

Change to English
 แสดงรายละเอียดบรรณานุกรม
  กลับหน้าหลัก

Brief Record : Get Marc (ISO 2709) : E-mail record : QR code < ปิดหน้าต่าง
LEADER : 00000nam 2200000uu 4500
001    13399113323
003     ULIB
008    110627s2552||||th 000 0 tha d
020    9786115000135
090    นว.^bพ961ว 2552
100 0  แพรณัฐ
245 00 วายุภัคมนตรา/^cแพรณัฐ
250    พิมพ์ครั้งที่ 1
260    กรุงเทพฯ :^bพิมพ์คำ,^c2552
300    516 หน้า
710 1  พิมพ์คำ
945    ^p320^l0^i026418
995    ทศพร
999 ^a ใช้งานได้ทุกระบบ
รายการนี้ยังไม่มีแท็ก
คุณยังไม่ได้ล็อกอิน คุณสามารถมีกิจกรรมร่วมกับเว็บไซต์ได้ แต่ต้องล็อกอินก่อน ::
  ล็อกอิน

รายการสื่อสารสนเทศ

ลำดับที่ ประเภท เลขเรียก/บาร์โค้ด สถานที่ สถานะ
- ไม่พบข้อมูล -

รายการใกล้เคียง
    ผู้แต่ง [แพรณัฐ]

BibComment


ยังไม่เคยถูกคอมเมนท์

คอมเมนท์ทรัพยากรรายการนี้
  คอมเมนท์: วายุภัคมนตรา แพรณัฐ


 Copyright 2026. Bcnsprnw @Library